000 00326 a2200145 4500
001 156027
040 _cEscola São Tomás de Aquino
100 _aBRAZ, Júlio Emílio
240 1 0 _aFala comigo, pai!
_lpor
245 1 0 _aFala comigo, pai!
300 _a79
362 0 _a2011
697 _a*LITERATURA JUVENIL
942 _cBK
999 _c156027
_d156027